Statistiques concernant Culture Générale - Série 1666

Cliquez ici pour prendre le quiz!

Statistiques générales

  • Ce quiz a été pris 75 fois
  • Le résultat moyen est 6 sur 10

Statistiques - réponses

QuestionRéponse% Correct
Quelle onomatopée de 3 lettres désigne le son bref, après lequel on peut laisser un message sur un répondeur téléphonique ?bip
91%
En 1979, quel rocker français chante "Ma gueule" ?Johnny Hallyday
89%
A l'origine, de quel pays vient le fromage appelé "édam" ?Pays-Bas
89%
D'après le proverbe, que vaut-il mieux faire que guérir ?prévenir
81%
Dans quel département se trouve la ville de Nantes ?Loire-Atlantique
70%
Quel est le nom donné aux policiers anglais ?bobbies
56%
Comment appelle-t-on un groupe d'abeilles qui se sépare de la colonie originelle pour fonder une nouvelle société ?essaim
56%
En 1963, dans quel film de Jean-Luc Godard Brigitte Bardot demande-t-elle à Michel Piccoli : "Tu les trouves jolies, mes fesses ?" ?Le Mépris
26%
D'après le titre d'une saga de l'été diffusée en 1992 sur TF1, comment sont les coeurs ?brûlés
23%
Quel cycliste, prénommé Maurice, a remporté le premier tour de France en 1903 ?Maurice Garin
17%

Distribution des résultats

Percentile par nombre de réponses

% des personnes avec chaque résultat

Votre développement - résultats

Vous n’avez pas pris ce quiz